000 00632nam a22002177a 4500
999 _c3941
_d3898
008 191017b ||||| |||| 00| p eng d
020 _a9758059785
041 _atur
100 _91748
_aÖktem, Kaya
245 _aHayalleri Sürükledik Peşimizden
_cReyhan Öktem, Ender Tunç, Sami Bağcı, KPT
250 _a1.Baskı
260 _aİstanbul:
_bHera Şiir Kitaplığı
_cAralık 2001
300 _a232 Sayfa
500 _aŞiirimsi ; 2
650 0 _9145
_aTürk Edebiyatı
700 _91749
_aÖktem, Reyhan
700 _91752
_aKPT
700 _91751
_a Bağcı, Sami
700 _91750
_a Tunç, Ender
942 _2lcc
_cBK